Optimal plot size with conilon LB1 coffee tree clonal seedlings produced in tubes1 (Registro n. 329093)
[ somente texto ]
| 000 -LÍDER | |
|---|---|
| fixed length control field | 03003nab a2200301 i 4500 |
| 003 - CÓDIGO MARC DA AGÊNCIA CATALOGADORA | |
| Campo de controle | BR-BrBNA |
| 005 - DATA E HORA DA ÚLTIMA ATUALIZAÇÃO | |
| Campo de controle | 20241208115225.0 |
| 008 - CAMPO DE TAMANHO FIXO | |
| fixed length control field | 241208b2024 bl.ar|pooa||| 00| 0 eng | |
| 040 ## - FONTE DA CATALOGAÇÃO | |
| Agência catalogadora | BR-BrBNA |
| Idioma da catalogação | eng |
| 072 ## - CATEGORIA AGRIS | |
| Código AGRIS | F01 |
| Código do objeto | 2120 |
| 100 ## - ENTRADA PRINCIPAL - NOME PESSOAL | |
| Nome pessoal | Carrafa, Militino Paiva |
| 100 ## - ENTRADA PRINCIPAL - NOME PESSOAL | |
| Nome pessoal | Morais, Letícia Galvão |
| 100 ## - ENTRADA PRINCIPAL - NOME PESSOAL | |
| Nome pessoal | Schmildt, Omar |
| 100 ## - ENTRADA PRINCIPAL - NOME PESSOAL | |
| Nome pessoal | Schmildt, Edilson Romais |
| 245 ## - TÍTULO PRINCIPAL | |
| Título principal | Optimal plot size with conilon LB1 coffee tree clonal seedlings produced in tubes1 |
| 500 ## - NOTA GERAL | |
| Nota geral | Publicação online; 28 ref.; 4 tables; Summaries (En, Pt) |
| 942 ## - ADDED ENTRY ELEMENTS (KOHA) | |
| Koha item type | Analítica |
| 520 ## - NOTA DE RESUMO | |
| Nota de conteúdo | <br/><br/>ABSTRACT - In experimental studies, achieving an optimal plot configuration holds significant importance. This study aimed to establish suitable experimental plot sizes for evaluating agronomic traits of clone LB1 conilon coffee seedlings grown in tubes. Both non-destructive and destructive traits were evaluated using seedlings obtained from a nursery, with each seedling allocated to basic experimental units. A completely randomized block design was used and various scenarios were generated based on combinations of treatments (3, 4, 5, 6, 7, 8, 9, 10, 15, 20, 25, 30, 35 and 40), replicates (3, 4, 5, 6 and 7) and levels of experimental precision (10, 20, 30 and 40 %). Convenient plot size recommendations were obtained for clone LB1 conilon coffee seedlings grown in tubes.<br/><br/><br/><br/><br/>KEYWORD: Coffea canephora Pierre ex A. Froehner, Rubiaceae, experimental accuracy |
| 520 ## - NOTA DE RESUMO | |
| Nota de conteúdo | <br/><br/>RESUMO - Tamanho ótimo de parcela com mudas clonais de cafeeiro conilon LB1 produzidas em tubetes - Em estudos experimentais, alcançar uma configuração ideal de parcela é de importância significativa. Objetivou-se estabelecer tamanhos de parcelas experimentais adequados para a avaliação de características agronômicas de mudas do clone LB1 de café conilon cultivadas em tubetes. Tanto as características não destrutivas quanto as destrutivas foram avaliadas a partir de mudas obtidas em viveiro, sendo cada muda alocada em unidades experimentais básicas. Utilizou-se delineamento de blocos inteiramente casualizados e vários cenários foram gerados com base em combinações de tratamentos (3, 4, 5, 6, 7, 8, 9, 10, 15, 20, 25, 30, 35 e 40), repetições (3, 4, 5, 6 e 7) e níveis de precisão experimental (10, 20, 30 e 40 %). Obtiveram-se recomendações convenientes de tamanho de parcela para mudas do clone LB1 de café conilon cultivadas em tubetes.<br/><br/><br/><br/><br/>PALAVRAS-CHAVE: Coffea canephora Pierre ex A. Froehner, Rubiaceae, precisão experimental. |
| 650 ## - ASSUNTO - THESAGRO | |
| Cabeçalho tópico ou nome geográfico | CAFÉ |
| 650 ## - ASSUNTO - THESAGRO | |
| Cabeçalho tópico ou nome geográfico | MUDA |
| 650 ## - ASSUNTO - THESAGRO | |
| Cabeçalho tópico ou nome geográfico | PARCELA EXPERIMENTAL |
| 650 ## - ASSUNTO - THESAGRO | |
| Cabeçalho tópico ou nome geográfico | CARACTERÍSTICAS AGRONÔMICAS |
| 650 ## - ASSUNTO - THESAGRO | |
| Cabeçalho tópico ou nome geográfico | TUBETE |
| 773 0# - ENTRADA ANALÍTICA | |
| Host Biblionumber | 3248 |
| Registro do item | 317349 |
| Imprenta | Goiânia-GO UFG. Escola de Agronomia 1999 |
| Outro identificador | 2024-4001 |
| Título | Pesquisa Agropecuária Tropical (Brazil) |
| ISSN | 1517-6398 |
| Colação | v. 54 p. 1-7; (2024) |
| Número de controle de registro | BR2024003936 |
| 856 ## - ACESSO E ENDEREÇO ELETRÔNICO | |
| Identificador uniforme de recurso - URI | https://www.scielo.br/j/pat/a/6gjZfh6PnFXGT4WndPGt3wL/?format=pdf&lang=en |
Nenhum exemplar disponível.

BINAGRI